Reeducación postural integral SOTAI

Guardat en:
Dades bibliogràfiques
Autor principal: Valenzuela Serrano, Arturo (Autor)
Format: Llibre
Idioma:espanyol
Publicat: Barcelona Paidotribo 2006
Edició:1a. ed
Matèries:
Etiquetes: Afegir etiqueta
Sense etiquetes, Sigues el primer a etiquetar aquest registre!

MARC

LEADER 00000nam a2200000 a 4500
001 UCG3360
003 CL-VaPUC
008 100826e20060000SP |||||||||||||||||spa|d
020 |a 8480198907 
082 0 4 |a 613.71  |b VAL  |2 21 
100 0 |a Valenzuela Serrano, Arturo  |e author  |9 552430 
245 1 0 |a Reeducación postural integral SOTAI 
250 |a 1a. ed 
300 |a 210 p 
942 |c BK 
945 |d 20100826 00:00:00  |a mfarfan 
260 |a Barcelona  |b Paidotribo  |c 2006 
650 0 |a Actividad física  |9 362156 
650 7 |a ENTRENAMIENTO FISICO  |2 CL-VaPUC  |9 307393 
650 7 |a POSTURA CORPORAL  |2 CL-VaPUC  |9 307409 
583 |a last modification  |c 20100826 00:00:00  |k Rodrigo Vera 
999 |c 342429  |d 342427 
952 |0 0  |1 0  |4 0  |6 613_710000000000000_VAL_2006  |7 0  |8 C  |9 438618  |a BIBCUR  |b BIBCUR  |d 2019-11-22  |i 4709004  |l 1  |o 613.71 VAL 2006  |p 4709004  |r 2025-04-22  |s 2025-01-06  |w 2019-11-22  |y BK  |k DEN